Kaifiyat solat : Ibnu Muhammad El-Fandahani
| Main Author: | |
|---|---|
| Format: | Book |
| Published: |
Selangor :
Crescent News ,
2006
|
| Series: | Siri kuliah fardhu 'ain
|
| Subjects: |
MARC
| LEADER | 00000cam a2200000 7i4500 | ||
|---|---|---|---|
| 001 | 0000023688 | ||
| 005 | 20081014.0 | ||
| 008 | 081014 | ||
| 020 | |a 9830615278 | ||
| 090 | 0 | 0 | |a 297.382 |b IBN |
| 100 | 1 | |a Ibnu Muhammad El-Fandahani | |
| 245 | 1 | 0 | |a Kaifiyat solat : |b Ibnu Muhammad El-Fandahani |
| 260 | |a Selangor : |b Crescent News , |c 2006 | ||
| 440 | |a Siri kuliah fardhu 'ain | ||
| 650 | 0 | |a Islam |x Prayer and devotions | |
| 650 | 0 | |a Prayers |x Islam | |
| 999 | |a 0001021050 |b Book |c Adult Collection |e Perbadanan Perpustakaan Awam Johor | ||